| 000 | 00600nam a22001937a 4500 | ||
|---|---|---|---|
| 005 | 20251129154406.0 | ||
| 008 | 251129b |||||||| |||| 00| 0 eng d | ||
| 020 | _a9780471376538 | ||
| 020 | _a9780471202318 | ||
| 050 |
_aTA357 _b.F69 |
||
| 100 | _aFox, Robert W. | ||
| 245 |
_aIntroduction to Fluid Mechanics _cRobert W. Fox, Alan T. McDonald & Philip J. Pritchard |
||
| 250 | _a6th ed. | ||
| 260 |
_aHoboken, New Jersey _bJohn Wiley & Sons _c2004 |
||
| 300 |
_axii. 787p. _bill. some color _c26cm |
||
| 700 | _aMcDonald, Alan T. | ||
| 700 | _aPritchard, Philip J. | ||
| 942 |
_2lcc _cBK _e6th ed. _n0 |
||
| 999 |
_c8442 _d8442 |
||